Statistics for African countries with an Indian Ocean coastline

Click here to take the quiz!

General Stats

  • This quiz has been taken 43 times
  • The average score is 12 of 13

Answer Stats

Answer% Correct
Mozambique
98%
South Africa
98%
Kenya
95%
Somalia
95%
Madagascar
93%
Tanzania
93%
Eritrea
91%
Seychelles
91%
Egypt
88%
Comoros
86%
Mauritius
86%
Djibouti
81%
Sudan
79%

Score Distribution

Percentile by Number Answered

Percent of People with Each Score

Your Score History

You have not taken this quiz